00413nam a22001457a 450000500170000000800410001702000150005804100120007308200130008510000120009824500420011026000570015230000320020965000260024120240618085125.0240618b |||||||| |||| 00| 0 eng d a040685114X aEnglish a349 LAW  lEnglish aThe All England Law Reports: Reprint  aLondon: bButterworth and Co. Publishers Ltd, c1976 bxliii, 928 pages; c25 cm.  aLegal practice bLaw